000 00858nam a2200289Ia 4500
001 Para_6397
003 CHAP
008 220125s1922 xx 000 0 und d
010 _a205135
040 _cCHAP
082 _aPA 595.78 T68
100 _aTothill, John D.
_9114356
245 _aThe natural control of the fall webworm ( Hyphantria cunea Drury) :
_b with an account of its several parasites /
_c John D. Tothill
260 _aOttawa :
_b Canada. Department of Agriculture
300 _a107 p.
440 _aBulletin; 3
_9171099
650 _aControl de Plagas
_927595
650 _aHyphaantria cunea
_957109
650 _aLepidopteros
_966252
901 _aPA 595.78 T68
902 _aA
905 _a0000001922 0000000000 00
910 _a1922
942 _cPARA
942 _cPARA
_d1
999 _c205135
_d205135